Správne právo hmotné všeobecná časť

Bibliographic Details
Main Author: Košičiarová, Soňa, 1965- (Author)
Format: Book
Language:Slovak
PhysicalDescription:400 strán 23 cm
Published: Plzeň Vydavatelství a nakladatelství Aleš Čeněk, s.r.o. 2017
ISBN:9788073806842
Edition:2. aktualizované a doplnené vydanie
Series:Slovenské učebnice
Subjects:

MARC

LEADER 00000nam a2200000 a 4500
001 vtls011738418
003 SK-MaSNL
005 20260425223814.0
008 240318s2017 xr e p 001 0 slo
015 |a SNBZSA2018/03 
020 |a 9788073806842  |q (brožované) 
035 |a urn:nbn:sk:snk-am00dgfw 
035 |a urn:nbn:sk:snk-am3i1fw 
035 |a 8FDE3007-5389-4730-B39D-C5B284A77F92 
040 |a SNK  |b slo  |c SNK  |e AACR2 
041 0 |a slo  |b eng 
043 |a e-xo--- 
044 |a xr  |c CZ 
072 7 |a 342  |x Ústavné právo. Správne právo  |2 konspekt 
080 |a 342.9  |2 2011 
080 |a (437.6)  |2 2011 
080 |a (075.8)  |2 2011 
080 |a 35  |2 2011 
100 1 |a Košičiarová, Soňa,  |d 1965-  |4 aut  |9 211055 
245 1 0 |a Správne právo hmotné  |b všeobecná časť  |c Soňa Košičiarová 
250 |a 2. aktualizované a doplnené vydanie 
260 |a Plzeň  |b Vydavatelství a nakladatelství Aleš Čeněk, s.r.o.  |c 2017 
300 |a 400 strán  |c 23 cm 
490 1 |a Slovenské učebnice 
500 |a Krátke biogr. údaje o autorke na konci publikácie 
504 |a Bibliografia: s. 387-390 ; register 
546 |a Resumé anglické 
650 0 7 |a správne právo hmotné  |2 SNKPH  |9 2267 
650 0 7 |a Substantive administrative law  |2 SNKPHeng  |9 350555 
650 0 7 |a verejná správa  |2 SNKPH  |9 1538 
650 0 7 |a Public administration  |2 SNKPHeng  |9 266247 
651 7 |a Slovensko  |2 SNKPH  |9 14231 
651 7 |a Slovakia  |2 SNKPHeng  |9 92630 
655 7 |a učebnice vysokých škôl  |2 SNKPH  |9 70191 
655 7 |a Textbooks (higher)  |2 SNKPHeng  |9 276436 
830 0 |a Slovenské učebnice  |9 333775 
919 |a 978-80-7380-684-2 
958 |a ZS 
958 |a NB 
999 |c 596089  |d 598019 
952 |a SNK  |b SNK  |y NEVYP  |7 1  |p 17A1320623  |o snkSC 178253  |i snk2018/4067  |8 4  |g 21.46  |0 0  |1 0  |4 0  |d 2018-01-25  |f 1  |l 0  |r 2025-09-19 00:00:00  |w 2026-02-23 
952 |t snkKOS 342.9  |a SNKUST  |b SNKUST  |y PREZ  |7 0  |p 17A1320622  |o snkSC 178253 D1  |i snk2018/4069  |8 4  |g 21.46  |0 0  |1 0  |4 0  |d 2018-01-25  |l 0  |r 2025-05-28 00:00:00  |w 2026-02-23